Управление изменениями в обществе, науке, культуре (Запись № 1363705)

Подробности
000 -МАРКЕР
контрольное поле 02045nam0a2200349 4500
001 - ИДЕНТИФИКАТОР ЗАПИСИ
контрольное поле RU\NLR\bibl\1734071
005 - ИДЕНТИФИКАТОР ВЕРСИИ
контрольное поле 20260407084227.0
010 ## - МЕЖДУНАРОДНЫЙ СТАНДАРТНЫЙ НОМЕР КНИГИ (ISBN)
Номер (ISBN) 978-5-8356-1067-9
Тираж 40
021 ## - НОМЕР ГОСУДАРСТВЕННОЙ РЕГИСТРАЦИИ
Код страны Российская Федерация
Номер 2011-1350
Номер Листа государственной регистраци 93
035 ## - ДРУГИЕ СИСТЕМНЫЕ НОМЕРА
Идентификатор записи (NLR Aleph) 001725013
100 ## - ДАННЫЕ ОБЩЕЙ ОБРАБОТКИ
Данные общей обработки 20110209d2010 |||y0rusy50 ca
101 0# - ЯЗЫК РЕСУРСА
Язык текста, звукозаписи и т.д. русский
102 ## - СТРАНА ПУБЛИКАЦИИ ИЛИ ПРОИЗВОДСТВА
Страна публикации Российская Федерация
105 ## - ПОЛЕ КОДИРОВАННЫХ ДАННЫХ: ТЕКСТОВЫЕ МАТЕРИАЛЫ, МОНОГРАФИЧЕСКИЕ
Кодированные данные о монографическом текстовом документе a |||||||||
200 1# - ЗАГЛАВИЕ И СВЕДЕНИЯ ОБ ОТВЕТСТВЕННОСТИ
Основное заглавие Управление изменениями в обществе, науке, культуре
Сведения, относящиеся к заглавию Всероссийская научно-практическая конференция, ноябрь 2010 г.
-- сборник статей
Первые сведения об ответственности [под ред. Б.Н. Герасимова, проф., д.э.н., д. чл. Акад. корпоратив. упр. (г. Самара), С.И. Ашмариной, проф., д.э.н.]
210 ## - ПУБЛИКАЦИЯ, РАСПРОСТРАНЕНИЕ И ДР.
Место издания, распространения и т.д. Пенза
Имя издателя, распространителя и т. д. Приволжский Дом знаний
Дата издания, распространения и т.д. 2010
215 ## - ФИЗИЧЕСКАЯ ХАРАКТЕРИСТИКА
Специфическое обозначение материала и объем 93, [1] с.
Другие сведения о физической характеристике ил.
Размеры 20
300 ## - ОБЩИЕ ПРИМЕЧАНИЯ
Текст примечания В надзаг.: О-во "Знание" России, Приволж. Дом знаний, Самар. гос. экон. ун-т, Междунар. ин-т рынка
320 ## - ПРИМЕЧАНИЯ О НАЛИЧИИ В ДОКУМЕНТЕ БИБЛИОГРАФИИ / УКАЗАТЕЛЯ
Текст примечания Библиогр. в конце докл.
606 1# - НАИМЕНОВАНИЕ ТЕМЫ КАК ПРЕДМЕТ
Наименование темы Организации
Формальный подзаголовок Съезды, совещания и т.п.
Тематический подзаголовок Управление
Системный номер авторитетной/нормативной записи 2081403
Идентификатор авторитетной/нормативной записи RU\NLR\auth\661257382
686 ## - ИНДЕКСЫ ДРУГИХ КЛАССИФИКАЦИЙ
Индекс У21(0)24я431
702 #1 - ИМЯ ЛИЦА - ВТОРИЧНАЯ ОТВЕТСТВЕННОСТЬ
Код отношения Редактор
Материалы, к которым относится поле rus
Графика поля Кириллица
Начальный элемент ввода Герасимов
Часть имени, кроме начального элемента ввода Б. Н.
Дополнения к именам, кроме дат д-р экон. наук
Расширение инициалов личного имени Борис Никифорович
Идентификатор авторитетной/нормативной записи RU\NLR\auth\7731665
Системный номер авторитетной/нормативной записи 14675
711 12 - НАИМЕНОВАНИЕ ОРГАНИЗАЦИИ - АЛЬТЕРНАТИВНАЯ ОТВЕТСТВЕННОСТЬ
Начальный элемент ввода "Управление изменениями в обществе, науке, культуре", всероссийская научно-практическая конференция
Место проведения временной организации Самара
Дата проведения временной организации 2010
Системный номер авторитетной/нормативной записи 864407
Идентификатор авторитетной/нормативной записи RU\NLR\AUTH\880599731
712 02 - НАИМЕНОВАНИЕ ОРГАНИЗАЦИИ - ВТОРИЧНАЯ ОТВЕТСТВЕННОСТЬ
Код отношения Издающая организация
Начальный элемент ввода Приволжский дом знаний
Идентифицирующий признак Пенза
Идентификатор авторитетной/нормативной записи RU\NLR\AUTH\8812001
Системный номер авторитетной/нормативной записи 296693
801 #0 - ИСТОЧНИК ЗАПИСИ
Страна Российская Федерация
Организация NLR
Дата составления 20110209
Правила каталогизации RCR
801 #1 - ИСТОЧНИК ЗАПИСИ
Страна Российская Федерация
Организация NLR
Дата составления 20110209
942 ## - ДОПОЛНИТЕЛЬНЫЕ ЭЛЕМЕНТЫ ЗАПИСИ (АБИС)
Тип экземпляра АБИС Книга
980 ## - КОЛЛЕКЦИЯ
Название коллекции Национальная библиография
Экземпляры
Тип экземпляра Дата поступления Источник поступления Библиотека постоянного хранения Библиотека текущего хранения Место хранения Шифр хранения Штрих-код Статус экземпляра
Книга 09.02.2011 Обязательный экземпляр РНБ (Московский) РНБ (Московский) Русский книжный фонд: издания с 1957 года 2011-4/1130 3352921